LEADER 00629nam a2200181 i 4500 001 000000145634 003 CaOOAMICUS 005 20161110000000.0 008 161110s1903 it u000 u ita u 013 $a121026 040 $aSeMil$bita 245 10$a1. Corso. 300 $a77 p. :$bnotazione musicale. 773 0 $aPozzoli, Ettore <1873-1957>$tSolfeggi parlati e cantati.$dMilano : Ricordi, 1903 (ristampa 1977)$g1$w()33450 850 $aSeMil 852 $aSeMil$W1$xVenegono$y1$m3Q VI 32/1$j98372$B98372$CSeMilBibl$Z2$F106511 $81 961 $aOmaggio: Colombo don Alberto 996 $6245$a1. Corso$9(OLS)http://semarc/title/212917 LEADER 00751nam a2200217 i 4500 001 000000219528 003 CaOOAMICUS 005 20130328000000.0 008 130328s1938 it u000 u ita u 013 $a198425 040 $aSeMil$bita 100 1 $aDelcroix, Carlo.$0(OLS)http://semarc/name/37607 245 12$aI dialoghi con la folla /$cCarlo Delcroix. 250 $a4. ed. 260 $aFirenze :$bVallecchi,$c1938. 300 $a302 p. ;$c20 cm. 850 $aSeMil 852 $aSeMil$W1$xVenegono$y1$m1V III 65$j169889$B169889$CSeMilBibl$Z2$F187315 $81 961 $aLascito: Presbitero, Silvana 996 $6245$aI dialoghi con la folla$9(OLS)http://semarc/title/314931 996 $6260$aFirenze :$bVallecchi$9(OLS)http://semarc/publisher/29768